Writing better requirements
Αποθηκεύτηκε σε:
| Κύριος συγγραφέας: | |
|---|---|
| Άλλοι συγγραφείς: | |
| Μορφή: | Βιβλίο |
| Γλώσσα: | English |
| Δημοσίευση: |
Boston, MA :
Addison-Wesley,
2002
|
| Θέματα: | |
| Ετικέτες: |
Προσθήκη ετικέτας
Δεν υπάρχουν, Καταχωρήστε ετικέτα πρώτοι!
|
MARC
| LEADER | 00000nam a2200000 i 4500 | ||
|---|---|---|---|
| 001 | 1/62685 | ||
| 008 | 071113s2002 eng d | ||
| 020 | |a 0-321-13163-0 | ||
| 035 | |l 10092241 | ||
| 040 | |a GR-MY-UA |b gre |e aacr | ||
| 041 | 0 | |a eng | |
| 082 | 0 | |a 005.1 |2 (22) | |
| 100 | 1 | |a Alexander, Ian |q (Ian F.) |d 1954- | |
| 245 | 1 | 0 | |a Writing better requirements / |c Ian F. Alexander and Richard Stevens |
| 260 | |a Boston, MA : |b Addison-Wesley, |c 2002 | ||
| 300 | |a xiii, 159 σ.; |b εικ.; |c 23 εκ. | ||
| 504 | |a Περιέχει βιβλιογραφικές παραπομπές και ευρετήριο. | ||
| 650 | 0 | 0 | |a Software engineering. |
| 650 | 0 | 0 | |a Systems engineering. |
| 700 | 1 | |a Stevens, Richard |d 1946- | |
| 852 | |a INST |b SAMOS |e 20071113 |h 005.1 ALE |p 005300027787 |q 005300027787 |t BK |y 0 | ||
| 901 | |a BIBL3-2007-3 | ||
| 909 | |a Σ |b 139949 | ||
| 922 | |a 3ΕΛΗ |b 200710 |c ΕΠΕΑΕΚ2/ΤΜΠΕΣ |d ΠΑΠΑΣΩΤΗΡΙΟΥ | ||
| 970 | |a ΣΙΤΖΙΜΗ |b ΓΙΑΣΕΜΗ |z 2007/11/13 | ||